American government: structure, problems, and policies

I tiakina i:
Ngā taipitopito rārangi puna kōrero
Ngā kaituhi matua: Odegard, Peter H. (Author), Baerwald, Hans H (Author)
Hōputu: Pukapuka
Reo:Ingarihi
I whakaputaina: Evanston Row, Peterson and Company 1962
Ngā marau:
Ngā Tūtohu: Tāpirihia he Tūtohu
Kāore He Tūtohu, Me noho koe te mea tuatahi ki te tūtohu i tēnei pūkete!

MARC

LEADER 00000nam a2200000 a 4500
001 UCT9742
003 CL-VaPUC
008 970411e19620000US |||||||||||||||||eng|d
082 0 4 |a 321.804  |b ODE  |2 21 
100 |a Odegard, Peter H.  |e author  |9 382703 
700 0 |a Baerwald, Hans H  |e author  |9 382704 
245 1 0 |a American government: structure, problems, and policies 
300 |a 469 p 
942 |c BK 
945 |d 19970411 00:00:00  |a paguirre 
260 |a Evanston  |b Row, Peterson and Company  |c 1962 
650 7 |a SISTEMAS POLITICOS  |2 CL-VaPUC  |9 382705 
650 0 |a Gobierno   |9 255508 
650 0 |a Poder ejecutivo  |9 255177 
650 7 |a PRESIDENCIA  |2 CL-VaPUC  |9 341215 
650 0 |a Burocracia  |9 255511 
650 0 |a Corte suprema   |9 370023 
650 0 |a Federalismo  |9 313886 
650 0 |a Derechos civiles y políticos   |9 338684 
651 0 |a Estados Unidos  |9 255178 
583 |a last modification  |c 19970411 00:00:00  |k Rodrigo Vera 
999 |c 258121  |d 258119 
952 |0 0  |1 0  |4 0  |6 321_804000000000000_ODE_1962  |7 0  |8 A  |9 281942  |a BIBDER  |b BIBDER  |d 2019-11-19  |i 1829459  |o 321.804 ODE 1962  |p 1829459  |r 2023-01-25  |w 2019-11-19  |y BK  |k DER